| 000 | 00706nab a22002297a 4500 | ||
|---|---|---|---|
| 001 | 23342 | ||
| 003 | HDC | ||
| 007 | cr bn ---aaaaa | ||
| 008 | 210128c20150406my ||||| |||| 00| 0 eng d | ||
| 040 | _aHDC | ||
| 245 | 0 | _aCall for uniform halal standard | |
| 336 |
_atext _2rdacontent |
||
| 337 |
_acomputer _2rdamedia |
||
| 338 |
_aonline resource _2rdacarrier |
||
| 650 |
_aHalal food industry _9128 |
||
| 650 |
_aIslamic law _9590 |
||
| 710 | _aNew Straits Times | ||
| 856 | _zRequest full-text at [email protected] | ||
| 942 | _2lcc | ||
| 942 | _cNEWS | ||
| 942 | _kNWSC 007993 | ||
| 999 |
_c20658 _d20658 |
||